000 00646nam a2200181 i 4500
001 34948
003 ES-MaACL
005 20230906155027.0
007 t|
008 030211s1955 sp ||||1| spa d
100 1 _aBotein, Bernard.
_930744
245 1 3 _aEl juez de primera instancia
_b: memorias de un juez /
_cBernard Botein ; prólogo y traducción de Angel Llamas Pérez.
260 _aBarcelona :
_bJosé María Bosch,
_c1955 (
_fVda. de Daniel Cochs)
300 _a163 p. ;
_c21 cm.
650 4 _aTribunales de primera instancia-
_zEstados unidos.
_9170153
700 1 _aLlamas Pérez, Angel.
_972672
852 _aES-MaACL
_jC-9805
_bR.37613
999 _c34948
_d34948